Architecture: Form, space, and order (Record no. 397155)

MARC details
000 -LEADER
fixed length control field 00515 a2200205 4500
005 - DATE & TIME
control field 20260428162417.0
008 - FIXED-LENGTH DATA ELEMENTS--GENERAL INFORMATION
fixed length control field 260428b |||||||| |||| 00| 0 eng d
020 ## - ISBN
International Standard Book Number 9781119853374
Price $ 55.95
040 ## - CATALOGING SOURCE
Original cataloging agency VIVEKANANDA LIBRARY
082 ## - DDC NUMBER
Classification number 720.1
Book Number C441A(5)
100 ## - MAIN ENTRY--PERSONAL NAME
Personal name Ching, Francis D K
245 ## - TITLE STATEMENT
Title Architecture: Form, space, and order
250 ## - EDITION STATEMENT
Edition statement 5th
260 ## - PUBLICATION, DISTRIBUTION, ETC. (IMPRINT)
Name of publisher, distributor, etc John Wiley
Date of publication, distribution, etc 2023
Place of publication, distribution, etc Hoboken
300 ## - PHYSICAL DESCRIPTION
Pages xiii, 481
650 ## - Subject
Subject Art
650 ## - Subject
Subject Architecture
650 ## - Subject
Subject Aechitectural Structure
942 ## - ADDED ENTRY ELEMENTS (KOHA)
Koha item type Books
Holdings
Withdrawn status Lost status Source of classification or shelving scheme Damaged status Not for loan Location (home branch) Sublocation or collection (holding branch) Shelving location Date acquired Koha issues (times borrowed) Koha full call number Accession No. Koha date last seen Koha item type
    Dewey Decimal Classification     VIVEKANANDA LIBRARY VIVEKANANDA LIBRARY UIET Library 10/03/2026   720.1 C441A(5) 431037 10/03/2026 Books
© Designed and Maintained by Vivekananda Library, MDU Rohtak